000 00483cam a2200169 4500
001 1854
005 20181127164113.0
008 830707s1984 nyu b 001 0 eng
010 _a 83014899
020 _a0070326851
100 1 _aJohnston, J.
_q(John),
_d1923-
245 1 0 _aEconometric methods /
_cJ. Johnston.
260 _aNew York :
_bMcGraw-Hill,
_c1963.
300 _axiii, 300 p. ;
_c24 cm.
504 _aIncludes bibliographical references and index.
650 0 _aEconometrics.
999 _c1418
_d1418